000 00463nam a22001937a 4500
003 MPLRDC
005 20220104143700.0
008 210129b ||||| |||| 00| 0 eng d
020 _a957-8290-19-5
082 _a848.4 ZAL-19
100 _a水晶著
245 _a张爱玲的小说艺术
_c
250 _a三版
260 _a
_b大地出版社
_c2000
300 _b
490 _a大地文学; 5
650 _a现代别集
942 _cBK
_o848.4 ZAL-19
999 _c42297
_d42287